[Event "Campeonato Brasileiro Amador 2016 U2000"]
[Site "Esporte Clube Pinheiros"]
[Date "2016.05.26"]
[Round "1.1"]
[White "Da Silva Junior, Sediney Mari"]
[Black "Almeida Junior, Waldomiro Carl"]
[Result "1-0"]
[WhiteElo "1998"]
[BlackElo "1872"]
[PlyCount "71"]
[EventDate "2016.05.26"]

1. e4 Nc6 2. Nc3 e5 3. Bc4 Nf6 4. Nf3 Bc5 5. O-O d6 6. h3 Na5 7. Bd3 a6 8. a3
Nc6 9. b4 Ba7 10. b5 Ne7 11. bxa6 bxa6 12. Qe2 O-O 13. Nd5 Nfxd5 14. exd5 f5
15. Bc4 h6 16. d3 f4 17. Bb2 Bf5 18. Nxe5 Re8 19. Nf3 Qc8 20. Qd2 Ng6 21. Kh2
Rb8 22. Bc3 Kh7 23. Rfe1 Rxe1 24. Rxe1 c6 25. dxc6 Qxc6 26. h4 d5 27. Bb3 Bxf2
28. Qxf2 Qxc3 29. h5 Nf8 30. Qa7 Nd7 31. Re7 Rxb3 32. cxb3 Nf8 33. Rf7 Qc8 34.
Rxg7+ Kh8 35. Rc7 Qe8 36. Qd4+ 1-0

[Event "Campeonato Brasileiro Amador 2016 U2000"]
[Site "Esporte Clube Pinheiros"]
[Date "2016.05.26"]
[Round "1.2"]
[White "Bonvini, Alberto Tonhati"]
[Black "Da Silva, Wagner Afonso"]
[Result "1-0"]
[WhiteElo "1871"]
[BlackElo "1979"]
[PlyCount "51"]
[EventDate "2016.05.26"]

1. e4 d6 2. d4 g6 3. Nc3 Bg7 4. g3 Nf6 5. Bg2 c6 6. f4 O-O 7. Nf3 Bg4 8. O-O
Nbd7 9. h3 Bxf3 10. Bxf3 e5 11. dxe5 dxe5 12. Be3 exf4 13. gxf4 Qc7 14. e5 Ne8
15. Qe2 Bh6 16. Rad1 Ng7 17. Ne4 Nf5 18. Rxd7 Qc8 19. Nf6+ Kh8 20. Rfd1 Bg7 21.
Bg4 Bxf6 22. Bxf5 gxf5 23. exf6 Qe8 24. Re7 Rg8+ 25. Kh2 Qf8 26. Rdd7 1-0

[Event "Campeonato Brasileiro Amador 2016 U2000"]
[Site "Esporte Clube Pinheiros"]
[Date "2016.05.26"]
[Round "1.3"]
[White "Deste, Dayan Kuhn"]
[Black "Serafim Junior, Arnor"]
[Result "1/2-1/2"]
[WhiteElo "1966"]
[BlackElo "1868"]
[PlyCount "90"]
[EventDate "2016.05.26"]

1. e4 c5 2. Nf3 e6 3. d4 cxd4 4. Nxd4 a6 5. Bd3 Nf6 6. O-O Qc7 7. Re1 d6 8. Nd2
Bd7 9. N2f3 Nc6 10. c3 e5 11. Nc2 Be7 12. Ne3 O-O 13. Nd5 Nxd5 14. exd5 Nd8 15.
Bg5 Bg4 16. Bxe7 Qxe7 17. h3 Bh5 18. g4 Bg6 19. Bxg6 hxg6 20. c4 Rc8 21. Rc1 f5
22. g5 Nf7 23. h4 e4 24. Nd4 Qe5 25. Ne6 Rfe8 26. Qc2 Rxe6 27. dxe6 Qxe6 28. f4
b5 29. b3 Qe7 30. Qe2 Qa7+ 31. Kg2 Qb7 32. cxb5 axb5 33. Rxc8+ Qxc8 34. Qxb5
Qc3 35. Qe2 d5 36. Qe3 Qa5 37. Re2 Nd8 38. Rc2 Ne6 39. Qd2 Qd8 40. Rc6 Qd7 41.
Rxe6 Qxe6 42. Qd4 Qc6 43. Kg3 Qe6 44. Kf2 Qc6 45. Kg3 Qe6 1/2-1/2

[Event "Campeonato Brasileiro Amador 2016 U2000"]
[Site "Esporte Clube Pinheiros"]
[Date "2016.05.26"]
[Round "1.4"]
[White "Aparecido Silva, Haroldo"]
[Black "Ikejiri, Daniel Yoshito"]
[Result "0-1"]
[WhiteElo "1865"]
[BlackElo "1965"]
[PlyCount "100"]
[EventDate "2016.05.26"]

1. Nf3 d5 2. d3 Nf6 3. g3 Bg4 4. Bg2 Nbd7 5. O-O c6 6. Nbd2 e5 7. c4 Bd6 8. a3
O-O 9. b4 Re8 10. h3 Bh5 11. c5 Bc7 12. e4 Nf8 13. Qc2 dxe4 14. dxe4 Qe7 15.
Nc4 Bxf3 16. Bxf3 Ne6 17. Bb2 Nd4 18. Bxd4 exd4 19. Rae1 Rad8 20. e5 d3 21. Qd2
Nd7 22. Qxd3 Nxe5 23. Qe2 Nxf3+ 24. Qxf3 Qxe1 25. Rxe1 Rxe1+ 26. Kg2 Re6 27.
Na5 Bxa5 28. bxa5 h6 29. Qb3 Rd7 30. a6 bxa6 31. Qa4 Rd2 32. Qxa6 Rf6 33. Qc8+
Kh7 34. g4 Rdxf2+ 35. Kg1 Ra2 36. Qa6 Re6 37. Kf1 Rf6+ 38. Kg1 Rff2 39. Qd3+ g6
40. Qd7 Rf6 41. Qxa7 Kg7 42. Qa5 Rf3 43. Qb4 Rd3 44. Qb1 Rdxa3 45. Qe4 Rb3 46.
Qd4+ Kh7 47. Qe4 Rbb2 48. Qe1 Rg2+ 49. Kf1 Rh2 50. Kg1 Rag2+ 0-1

[Event "Campeonato Brasileiro Amador 2016 U2000"]
[Site "Esporte Clube Pinheiros"]
[Date "2016.05.26"]
[Round "1.5"]
[White "Pimentel, Rafael Favarin G"]
[Black "De Borba, Gabriel"]
[Result "0-1"]
[WhiteElo "1963"]
[BlackElo "1864"]
[PlyCount "88"]
[EventDate "2016.05.26"]

1. d4 Nf6 2. c4 c5 3. Nf3 cxd4 4. Nxd4 a6 5. Nc3 e6 6. a3 Qc7 7. e4 b6 8. Be3
Bb7 9. f3 Nc6 10. Na4 Rb8 11. Rc1 Be7 12. Be2 O-O 13. O-O Bd6 14. h3 Nh5 15.
Bf2 Bh2+ 16. Kh1 Bf4 17. Rc2 Ng3+ 18. Kg1 Nxf1 19. Bxf1 Ba8 20. Ne2 Be5 21. b4
Ne7 22. c5 b5 23. Nb6 Bc6 24. Be3 Ng6 25. Qd2 Rfd8 26. Nd5 exd5 27. exd5 Ba8
28. f4 Bf6 29. g3 Re8 30. Bg2 Rbc8 31. Nd4 Bxd4 32. Bxd4 Qd8 33. Bb2 Qe7 34. f5
Nf8 35. Kf2 f6 36. Bc3 Qf7 37. Bf3 g6 38. g4 g5 39. h4 gxh4 40. g5 fxg5 41.
Qxg5+ Ng6 42. fxg6 Qxg6 43. Qxg6+ hxg6 44. Bf6 Rf8 0-1

[Event "Campeonato Brasileiro Amador 2016 U2000"]
[Site "Esporte Clube Pinheiros"]
[Date "2016.05.26"]
[Round "1.6"]
[White "Weise, William Ferreira"]
[Black "Rocha, Arthur Ferreira"]
[Result "0-1"]
[WhiteElo "1860"]
[BlackElo "1962"]
[PlyCount "44"]
[EventDate "2016.05.26"]

1. d4 Nf6 2. Nf3 e6 3. e3 Be7 4. c4 d5 5. Nc3 O-O 6. b3 b6 7. Bb2 Bb7 8. Be2
Nbd7 9. Qc2 Rc8 10. O-O-O Ne4 11. Bd3 f5 12. Rhg1 c5 13. Ne5 cxd4 14. exd4 Nxe5
15. dxe5 Bc5 16. Bxe4 Qg5+ 17. Qd2 Qxd2+ 18. Rxd2 fxe4 19. Nd1 Ba6 20. Rc2 dxc4
21. bxc4 Bxc4 22. Bc3 Bd3 0-1

[Event "Campeonato Brasileiro Amador 2016 U2000"]
[Site "Esporte Clube Pinheiros"]
[Date "2016.05.26"]
[Round "1.7"]
[White "Lima, Eduardo Augusto Fabr"]
[Black "Vieira, Alexandre Letizio"]
[Result "1-0"]
[WhiteElo "1957"]
[BlackElo "1859"]
[PlyCount "75"]
[EventDate "2016.05.26"]

1. d4 d5 2. c4 c6 3. Nc3 Nf6 4. Nf3 a6 5. e3 b5 6. cxd5 cxd5 7. Ne5 Bb7 8. Bd3
e6 9. O-O Be7 10. Qe2 Nbd7 11. Nxd7 Qxd7 12. f3 b4 13. Nd1 O-O 14. Nf2 Rac8 15.
Bxa6 Bxa6 16. Qxa6 Rc2 17. Qd3 Rfc8 18. a4 R8c4 19. a5 Qc7 20. Qd1 Bd6 21. f4
Ne4 22. Nxe4 dxe4 23. b3 Rc6 24. Bd2 g5 25. g3 gxf4 26. gxf4 f5 27. Kh1 Ra6 28.
Rg1+ Kh8 29. Ra4 Rac6 30. a6 Qb8 31. a7 Qa8 32. d5 Rc7 33. Bxb4 Rc1 34. Bxd6
Rxd1 35. Be5+ Rg7 36. Bxg7+ Kg8 37. Rxd1 Kxg7 38. d6 1-0

[Event "Campeonato Brasileiro Amador 2016 U2000"]
[Site "Esporte Clube Pinheiros"]
[Date "2016.05.26"]
[Round "1.8"]
[White "Baba, Renato"]
[Black "Pritsopoulos, Constantino"]
[Result "1-0"]
[WhiteElo "1858"]
[BlackElo "1954"]
[PlyCount "111"]
[EventDate "2016.05.26"]

1. e4 d6 2. c4 Nf6 3. Nc3 e5 4. g3 Be7 5. Bg2 Nc6 6. d3 Bg4 7. Nge2 O-O 8. h3
Bxe2 9. Nxe2 Nd7 10. O-O Bg5 11. f4 Bf6 12. Rb1 a5 13. Be3 exf4 14. gxf4 Qe7
15. Ng3 Bd4 16. Qd2 Bxe3+ 17. Qxe3 f5 18. Qf2 fxe4 19. dxe4 Rae8 20. Rbe1 Nb4
21. Qd2 g6 22. a3 Nc6 23. b4 axb4 24. axb4 Nb6 25. Rc1 Qh4 26. Kh2 Re7 27. b5
Nd8 28. f5 Nf7 29. Rf4 Qh6 30. c5 dxc5 31. Rxc5 Rd8 32. Qc1 Ne5 33. f6 Rf7 34.
Rxe5 Rdf8 35. Rf1 Qxc1 36. Rxc1 Nd7 37. Re7 Nxf6 38. Rcxc7 Rxe7 39. Rxe7 Rf7
40. Rxf7 Kxf7 41. e5 Nd7 42. Bxb7 Nxe5 43. Bd5+ Ke7 44. b6 Kd6 45. b7 Nd7 46.
Bg2 Kc7 47. Ne2 g5 48. Nd4 Nc5 49. Nb5+ Kb8 50. Nd6 h5 51. Nf7 g4 52. h4 Nd7
53. Kg3 Kc7 54. Kf4 Kb6 55. Kg5 Kc5 56. Kxh5 1-0

[Event "Campeonato Brasileiro Amador 2016 U2000"]
[Site "Esporte Clube Pinheiros"]
[Date "2016.05.26"]
[Round "1.9"]
[White "Ferreira Jr, Walter"]
[Black "Caceres, Elton Carlos"]
[Result "1/2-1/2"]
[WhiteElo "1954"]
[BlackElo "1854"]
[PlyCount "112"]
[EventDate "2016.05.26"]

1. e4 d5 2. Nc3 dxe4 3. Nxe4 e5 4. Nf3 f5 5. Nc3 e4 6. Ng1 Nf6 7. d3 Bb4 8. Bd2
O-O 9. h3 Re8 10. dxe4 Bxc3 11. Bxc3 Qxd1+ 12. Kxd1 Nxe4 13. Be1 Be6 14. Nf3 c5
15. Nd2 Rd8 16. Kc1 Nc6 17. Nxe4 fxe4 18. Bd2 Rd6 19. Bf4 Rd7 20. Bb5 Rf7 21.
Be3 Nd4 22. Bf1 b6 23. g4 Rd8 24. c3 Nf3 25. Be2 Ne5 26. b3 Nd3+ 27. Bxd3 Rxd3
28. Kb2 c4 29. Rad1 Rfd7 30. Rxd3 exd3 31. b4 Bd5 32. Rg1 Bf3 33. Kc1 a5 34. a3
axb4 35. axb4 Bc6 36. g5 g6 37. Rg4 b5 38. Rf4 Rd8 39. Rf6 Be4 40. Rb6 Rd5 41.
Kd2 Bf5 42. Rb8+ Kf7 43. Rb7+ Bd7 44. Rb6 Bxh3 45. Rf6+ Kg8 46. Ra6 Bd7 47.
Ra8+ Kf7 48. Rh8 Kg7 49. Rd8 Rd6 50. Bc5 Rd5 51. Be3 Kf7 52. Rh8 Kg7 53. Rd8
Be6 54. Rb8 Kf7 55. Rh8 Kg7 56. Rb8 Bd7 1/2-1/2

[Event "Campeonato Brasileiro Amador 2016 U2000"]
[Site "Esporte Clube Pinheiros"]
[Date "2016.05.26"]
[Round "1.10"]
[White "Bail, Ellen Larissa"]
[Black "Dos Reis, Leandro Aparecido C"]
[Result "1-0"]
[WhiteElo "1851"]
[BlackElo "1953"]
[PlyCount "43"]
[EventDate "2016.05.26"]

1. d4 Nf6 2. c4 e6 3. Nc3 Bb4 4. Qc2 O-O 5. Bg5 c5 6. dxc5 Bxc5 7. Nf3 Nc6 8.
a3 Be7 9. e3 b6 10. Bd3 h6 11. h4 Bb7 12. O-O-O Rc8 13. Rdg1 Na5 14. Qe2 d5 15.
g4 hxg5 16. hxg5 Ne4 17. Nd2 g6 18. f3 Kg7 19. fxe4 dxc4 20. Rh7+ Kxh7 21. Qh2+
Kg7 22. Qh6+ 1-0

[Event "Campeonato Brasileiro Amador 2016 U2000"]
[Site "Esporte Clube Pinheiros"]
[Date "2016.05.26"]
[Round "1.11"]
[White "Polonio, Rodolfo"]
[Black "Dias, Marcelo De Souza"]
[Result "0-1"]
[WhiteElo "1952"]
[BlackElo "1842"]
[PlyCount "118"]
[EventDate "2016.05.26"]

1. d4 d5 2. c4 e6 3. Nf3 c6 4. Qc2 f5 5. g3 Nf6 6. Bg2 Bb4+ 7. Nc3 Ne4 8. O-O
O-O 9. a3 Bxc3 10. bxc3 Qa5 11. Bb2 dxc4 12. Ne5 Nd6 13. a4 Na6 14. Ba3 c5 15.
Rfb1 Rd8 16. e3 Qc7 17. Qa2 Rb8 18. Nxc4 Nxc4 19. Qxc4 cxd4 20. Qxc7 Nxc7 21.
cxd4 Nd5 22. Rc1 Bd7 23. a5 Rbc8 24. Kf1 Kf7 25. Ke1 Bb5 26. Kd2 Ke8 27. Bc5 a6
28. Ba3 Kd7 29. Rc5 Rxc5 30. Bxc5 Bc6 31. f3 Nf6 32. Re1 g5 33. e4 f4 34. gxf4
Rg8 35. Bh3 g4 36. Bxg4 Nxg4 37. fxg4 Rxg4 38. Ke3 Rh4 39. Re2 Rh3+ 40. Kd2 Bb5
41. Rf2 Rd3+ 42. Kc2 Re3 43. f5 exf5 44. Rxf5 Rxe4 45. Rf7+ Ke6 46. Rxh7 Kd5
47. Bb6 Kc4 48. Rh3 Re2+ 49. Kd1 Rg2 50. Bc5 Bc6 51. Bb6 Bd7 52. Rh7 Kd3 53.
Kc1 Kc3 54. d5 Rc2+ 55. Kb1 Rb2+ 56. Ka1 Bf5 57. Rc7+ Kb3 58. Rc3+ Kxc3 59.
Bd4+ Kxd4 0-1

[Event "Campeonato Brasileiro Amador 2016 U2000"]
[Site "Esporte Clube Pinheiros"]
[Date "2016.05.26"]
[Round "1.12"]
[White "De Almeida, Guilherme Pereira"]
[Black "Desideri, Ricardo Maruchi"]
[Result "0-1"]
[WhiteElo "1838"]
[BlackElo "1950"]
[PlyCount "58"]
[EventDate "2016.05.26"]

1. Nf3 c5 2. g3 Nc6 3. Bg2 d5 4. O-O e5 5. d3 Nf6 6. Nbd2 Be7 7. e4 O-O 8. Re1
dxe4 9. dxe4 Bg4 10. c3 Qd7 11. Qc2 b5 12. a4 a6 13. b3 Rac8 14. axb5 axb5 15.
Bb2 h6 16. Ra6 Rfd8 17. Rea1 Rb8 18. Nf1 Qc7 19. Ne3 Bc8 20. R6a2 Be6 21. Nf5
Bf8 22. Ra6 Rbc8 23. Bf1 c4 24. b4 Bxb4 25. Rxc6 Qxc6 26. cxb4 Bxf5 27. Nxe5
Qxe4 28. Qc3 Nd5 29. Qc1 c3 0-1

[Event "Campeonato Brasileiro Amador 2016 U2000"]
[Site "Esporte Clube Pinheiros"]
[Date "2016.05.26"]
[Round "1.13"]
[White "Rodrigo Da Silva, Edson"]
[Black "Filgueiras, Nathan Felipe"]
[Result "1-0"]
[WhiteElo "1946"]
[BlackElo "1838"]
[PlyCount "85"]
[EventDate "2016.05.26"]

1. d4 Nf6 2. c4 e6 3. Nc3 Bb4 4. e3 b6 5. Bd3 Bb7 6. f3 d5 7. Nge2 O-O 8. O-O
c5 9. a3 Ba5 10. Rb1 Bxc3 11. bxc3 Nbd7 12. cxd5 exd5 13. Ng3 Re8 14. Re1 h5
15. Nh1 Rc8 16. Nf2 Nf8 17. Bb2 Ne6 18. Qd2 Qc7 19. Rbd1 c4 20. Bb1 g6 21. Bc1
Kg7 22. e4 Ng8 23. e5 Bc6 24. Re2 Bd7 25. f4 Nf8 26. f5 Qc6 27. f6+ Kh8 28.
Rde1 Be6 29. h3 Nh7 30. Qf4 Qd7 31. g4 h4 32. g5 Bf5 33. Bxf5 Qxf5 34. Qxh4 Qe6
35. Ng4 a6 36. Rf2 Qd7 37. Rf4 Re6 38. Nh6 Qe8 39. Nxg8 Qxg8 40. Qg3 Rc7 41.
Ref1 Nf8 42. Rh4+ Nh7 43. Rff4 1-0

[Event "Campeonato Brasileiro Amador 2016 U2000"]
[Site "Esporte Clube Pinheiros"]
[Date "2016.05.26"]
[Round "1.14"]
[White "Gomes, Carlos Henrique Cald"]
[Black "Hirota Da Silva, Nilton"]
[Result "0-1"]
[WhiteElo "1835"]
[BlackElo "1946"]
[PlyCount "104"]
[EventDate "2016.05.26"]

1. d4 c6 2. c4 d6 3. Nf3 Nd7 4. e4 e5 5. d5 cxd5 6. cxd5 Ngf6 7. Nc3 Be7 8. Be3
O-O 9. Be2 Re8 10. h3 Nf8 11. O-O Ng6 12. Qd2 Bd7 13. Ne1 a6 14. a4 Rf8 15. a5
Qe8 16. Nc2 Kh8 17. Na3 Bd8 18. Nc4 Qe7 19. Bd3 Nh5 20. Ne2 Rc8 21. Qb4 Bb5 22.
Rac1 Bxc4 23. Bxc4 Nhf4 24. Ng3 Nh4 25. Nf5 Nxf5 26. exf5 Qg5 27. Bxf4 Qxf4 28.
b3 Qxf5 29. Qxb7 Bxa5 30. Qxa6 Bb4 31. Ra1 Bc5 32. Qa5 g5 33. Be2 Qc2 34. Bc4
Ra8 35. Qe1 Rxa1 36. Qxa1 Bd4 37. Qa6 Bc5 38. Qb7 Qg6 39. Ra1 h5 40. b4 Bd4 41.
Qe7 Kg7 42. Ra6 Qf5 43. Ra2 g4 44. Qh4 Rc8 45. hxg4 hxg4 46. Be2 Rc1+ 47. Kh2
Bxf2 48. Qxg4+ Qxg4 49. Bxg4 Bg1+ 50. Kg3 Kg6 51. b5 f5 52. Be2 Rc3+ 0-1

[Event "Campeonato Brasileiro Amador 2016 U2000"]
[Site "Esporte Clube Pinheiros"]
[Date "2016.05.26"]
[Round "1.15"]
[White "Nicolini, Paulo Giovanni De A"]
[Black "Silva, Emerson Soares Da"]
[Result "0-1"]
[WhiteElo "1943"]
[BlackElo "1830"]
[PlyCount "104"]
[EventDate "2016.05.26"]

1. e4 e6 2. d4 d5 3. Nd2 Nf6 4. e5 Nfd7 5. Bd3 c5 6. c3 Nc6 7. Ne2 f6 8. Nf4
Kf7 9. Qh5+ Kg8 10. Nxe6 Qe7 11. Nc7 Ndxe5 12. dxe5 Nxe5 13. O-O Qxc7 14. Be2
Be6 15. f4 Bf7 16. Qf5 Ng6 17. g3 Re8 18. Bf3 c4 19. Nb1 h5 20. Bd2 Qb6+ 21.
Kh1 Qxb2 22. Bc1 Qxa1 23. Bxd5 Qxa2 24. Bxf7+ Kxf7 25. Qd5+ Re6 26. f5 Qe2 27.
fxe6+ Qxe6 28. Qxb7+ Be7 29. Bd2 h4 30. Re1 Qd6 31. g4 h3 32. Na3 Qxd2 33. Rg1
Rb8 34. Nxc4 Rxb7 35. Nxd2 Bd6 36. Ne4 Be5 37. Ra1 Nf4 38. g5 f5 39. Nc5 Rc7
40. g6+ Ke7 41. Ra5 Bxc3 42. Rb5 a5 43. Kg1 Bd4+ 44. Kh1 Bxc5 45. Rxa5 Bd6 46.
Ra1 Kf6 47. Rg1 Rc2 48. Rd1 Be5 49. Rg1 Rxh2+ 50. Kxh2 Ne2+ 51. Rg3 Bxg3+ 52.
Kh1 h2 0-1

[Event "Campeonato Brasileiro Amador 2016 U2000"]
[Site "Esporte Clube Pinheiros"]
[Date "2016.05.26"]
[Round "1.16"]
[White "Zeituni, Carlos Alberto"]
[Black "Grillo, Carlos Henrique Gome"]
[Result "1-0"]
[WhiteElo "1829"]
[BlackElo "1942"]
[PlyCount "75"]
[EventDate "2016.05.26"]

1. e4 c5 2. Nf3 d6 3. Nc3 Nf6 4. Bc4 e6 5. O-O a6 6. a4 Be7 7. e5 dxe5 8. Nxe5
Nbd7 9. Qe2 O-O 10. d3 Qc7 11. Bf4 Bd6 12. Nxd7 Bxd7 13. Bxd6 Qxd6 14. Ne4 Nxe4
15. dxe4 Bc6 16. Bd3 e5 17. Rfd1 Rad8 18. Bxa6 Qg6 19. Bd3 c4 20. Bxc4 Rxd1+
21. Rxd1 Bxe4 22. f3 Bxc2 23. Ra1 Qb6+ 24. Kf1 Qxb2 25. Ra2 Qc1+ 26. Kf2 Bb1
27. Rb2 e4 28. Rxb7 exf3 29. gxf3 Bg6 30. a5 h5 31. a6 Qh1 32. Kg3 Qg1+ 33. Kh3
Qg5 34. Bd3 Bxd3 35. Qxd3 Rd8 36. Qe4 g6 37. a7 Qg1 38. Qc4 1-0

[Event "Campeonato Brasileiro Amador 2016 U2000"]
[Site "Esporte Clube Pinheiros"]
[Date "2016.05.26"]
[Round "1.17"]
[White "Farias, Jose Nogueira De"]
[Black "Arruda Filho, Ivo Pereira De"]
[Result "1/2-1/2"]
[WhiteElo "1941"]
[BlackElo "1827"]
[PlyCount "34"]
[EventDate "2016.05.26"]

1. e4 c6 2. d4 d5 3. exd5 cxd5 4. c4 Nc6 5. Nc3 dxc4 6. d5 Ne5 7. Bf4 Nd3+ 8.
Bxd3 cxd3 9. Qxd3 a6 10. Nf3 Nf6 11. O-O e6 12. Rfe1 Be7 13. Rad1 exd5 14. Nxd5
Nxd5 15. Qxd5 Qxd5 16. Rxd5 Be6 17. Rdd1 O-O 1/2-1/2

[Event "Campeonato Brasileiro Amador 2016 U2000"]
[Site "Esporte Clube Pinheiros"]
[Date "2016.05.26"]
[Round "1.19"]
[White "Rapouso, Ricardo Luis Borba"]
[Black "Hara, Aroldo Hiroiuqui"]
[Result "0-1"]
[WhiteElo "1937"]
[BlackElo "1822"]
[PlyCount "152"]
[EventDate "2016.05.26"]

1. d4 c6 2. c4 d6 3. Nf3 Qc7 4. Nc3 Bg4 5. Bf4 Bxf3 6. exf3 Nf6 7. Qd2 Nbd7 8.
Bd3 e5 9. Be3 Be7 10. O-O O-O 11. Rfe1 Rad8 12. d5 cxd5 13. cxd5 a6 14. Rac1
Rc8 15. Bf5 Qd8 16. a4 Qa5 17. Bg5 Qd8 18. f4 h6 19. fxe5 hxg5 20. exf6 Bxf6
21. Ne4 Rxc1 22. Qxc1 Ne5 23. Re3 g6 24. Nxf6+ Qxf6 25. Bc8 Qf4 26. g3 Qc4 27.
Qxc4 Nxc4 28. Bxb7 Nxe3 29. fxe3 a5 30. Bc6 Kg7 31. Kg2 Kf6 32. Kf2 Ke5 33. Ke2
Rh8 34. b4 axb4 35. Kd3 Rxh2 36. Kc4 Rb2 37. a5 b3 38. Ba4 Rc2+ 39. Kxb3 Rc5
40. Kb4 Kxd5 41. Bb3+ Kc6 42. Bxf7 Re5 43. Bxg6 Rxe3 44. g4 Re5 45. Bd3 Kb7 46.
Bf5 Ka7 47. Bd7 Re7 48. Bc8 Rc7 49. Bf5 d5 50. Kb5 d4 51. Kb4 Rc3 52. Bd7 Rc1
53. Bf5 Rf1 54. Kc4 Rf4 55. Bc8 Kb8 56. Bf5 Kb7 57. Kb4 Kc7 58. Kc5 d3 59. Bxd3
Rxg4 60. Kd5 Rf4 61. Ke5 Kb7 62. Bb5 Rf8 63. Bc4 g4 64. Ke4 g3 65. Ke3 Rf5 66.
Bd3 Rf2 67. Be4+ Ka6 68. Bd3+ Kxa5 69. Be2 Kb4 70. Bd1 Kc5 71. Bg4 Kd5 72. Bh3
Ke5 73. Bc8 Kf6 74. Bh3 Kg5 75. Bd7 Kh4 76. Bc8 Rf7 0-1

[Event "Campeonato Brasileiro Amador 2016 U2000"]
[Site "Esporte Clube Pinheiros"]
[Date "2016.05.26"]
[Round "1.20"]
[White "Gomes, Marco Tulio Caldeira"]
[Black "De Arruda Filho, Nivaldo Jesus"]
[Result "0-1"]
[WhiteElo "1821"]
[BlackElo "1937"]
[PlyCount "72"]
[EventDate "2016.05.26"]

1. c4 d5 2. cxd5 Qxd5 3. Nc3 Qa5 4. d4 e5 5. dxe5 Nc6 6. Bd2 Qxe5 7. Nf3 Qh5 8.
e4 Bg4 9. Be2 Bc5 10. Nd5 O-O-O 11. Qc2 Nf6 12. Nf4 Rxd2 13. Nxd2 Nd4 14. Qc4
Qg5 15. Bxg4+ Nxg4 16. Nd3 Nxf2 17. Nxf2 Qe3+ 18. Kd1 Qxf2 19. Qxc5 Rd8 20. Qc3
Qe2+ 21. Kc1 Qxg2 22. Re1 Ne2+ 23. Rxe2 Qxe2 24. Kc2 Rd6 25. Rc1 Rc6 26. Rg1
Rxc3+ 27. bxc3 g6 28. Rf1 f5 29. exf5 gxf5 30. Rxf5 b6 31. h4 Qg4 32. Rf8+ Kb7
33. Nb3 Qxh4 34. Nd4 Qe4+ 35. Kb3 h5 36. Rh8 h4 0-1

[Event "Campeonato Brasileiro Amador 2016 U2000"]
[Site "Esporte Clube Pinheiros"]
[Date "2016.05.26"]
[Round "1.21"]
[White "De Freitas, Rames Fialho"]
[Black "Casarin, Luis Marcio Pinhatti"]
[Result "0-1"]
[WhiteElo "1935"]
[BlackElo "1819"]
[PlyCount "102"]
[EventDate "2016.05.26"]

1. d4 Nf6 2. Nf3 e6 3. c4 d5 4. Nc3 b6 5. Bg5 Be7 6. e3 Bb7 7. Bd3 O-O 8. Bxf6
Bxf6 9. Qc2 h6 10. cxd5 exd5 11. O-O Nc6 12. a3 Ne7 13. Rac1 c5 14. Qe2 c4 15.
Bb1 Re8 16. Rfe1 Rc8 17. Nd2 a6 18. Qh5 b5 19. Nf3 Rc7 20. g4 Nc8 21. h4 Rce7
22. g5 g6 23. Bxg6 fxg6 24. Qxg6+ Rg7 25. Qxh6 Qd7 26. Kf1 Qh3+ 27. Ke2 Qf5 28.
Rg1 Qd3+ 29. Ke1 Bxd4 30. Nxd4 Qxd4 31. g6 Qf6 32. Qg5 Qxg5 33. Rxg5 d4 34. Nd1
Bf3 35. Kd2 Bxd1 36. Rxd1 dxe3+ 37. fxe3 Rd7+ 38. Kc1 Rxd1+ 39. Kxd1 Rxe3 40.
h5 Rh3 41. Re5 Nd6 42. Re6 Nf5 43. Rxa6 Rxh5 44. Kc2 Rh3 45. Rb6 Kg7 46. Kb1
Rb3 47. Ka2 Ne3 48. a4 bxa4 49. Ra6 Nd1 50. Rxa4 Rxb2+ 51. Ka1 c3 0-1

[Event "Campeonato Brasileiro Amador 2016 U2000"]
[Site "Esporte Clube Pinheiros"]
[Date "2016.05.26"]
[Round "1.22"]
[White "Ribeiro, Allysson"]
[Black "Sa, Antonio Villar Marqu"]
[Result "1-0"]
[WhiteElo "1814"]
[BlackElo "1933"]
[PlyCount "73"]
[EventDate "2016.05.26"]

1. d4 Nf6 2. c4 e6 3. Nc3 d5 4. cxd5 exd5 5. Bg5 Be7 6. e3 h6 7. Bh4 O-O 8. Bd3
Re8 9. Nge2 Nbd7 10. O-O a6 11. Qc2 c6 12. Rad1 Nf8 13. f3 Ne6 14. Kh1 Bd7 15.
e4 dxe4 16. fxe4 Ng4 17. Bxe7 Qxe7 18. Qd2 Qh4 19. h3 Nf2+ 20. Kg1 Nxd1 21.
Nxd1 Rad8 22. Ne3 g6 23. d5 Nc5 24. Rf4 Qg5 25. h4 Qe7 26. Bc2 f5 27. d6 Be6
28. Qc3 Qxd6 29. exf5 g5 30. hxg5 hxg5 31. Rg4 Bf7 32. Rxg5+ Kf8 33. Qg7+ Ke7
34. f6+ Qxf6 35. Nf5+ Ke6 36. Nf4+ Ke5 37. Ng3+ 1-0

[Event "Campeonato Brasileiro Amador 2016 U2000"]
[Site "Esporte Clube Pinheiros"]
[Date "2016.05.26"]
[Round "1.23"]
[White "Felix, Raimundo Nascimento"]
[Black "Teshima, Ricardo Yoshida"]
[Result "1-0"]
[WhiteElo "1930"]
[BlackElo "1813"]
[PlyCount "91"]
[EventDate "2016.05.26"]

1. e4 e6 2. d4 d5 3. e5 c5 4. c3 Qb6 5. a3 Nc6 6. Nf3 cxd4 7. cxd4 Nge7 8. b4
Nf5 9. Bb2 Be7 10. Bd3 Bd7 11. Bc2 Rc8 12. Qd3 Nd8 13. Nc3 Nc6 14. Na4 Qc7 15.
Nc5 b6 16. Na6 Qb7 17. O-O g6 18. Bc3 O-O 19. Rac1 Nb8 20. Nxb8 Qxb8 21. Bd2 h5
22. g3 a5 23. h3 Kg7 24. g4 hxg4 25. hxg4 Nh6 26. Nh2 Rh8 27. f4 Rcg8 28. Rf2
Qe8 29. Rg2 Kf8 30. bxa5 bxa5 31. Bxa5 Bxa3 32. Qxa3+ Kg7 33. Qf3 Ba4 34. f5
Bxc2 35. f6+ Kh7 36. Rgxc2 Qa4 37. Bb6 Rb8 38. Bc5 Rb3 39. Rc3 Rhb8 40. Nf1
Rxc3 41. Rxc3 Rb2 42. Qh3 g5 43. Qd3+ Kh8 44. Bf8 Qa2 45. Bg7+ Kg8 46. Rc8# 1-0

[Event "Campeonato Brasileiro Amador 2016 U2000"]
[Site "Esporte Clube Pinheiros"]
[Date "2016.05.26"]
[Round "1.24"]
[White "Aoyama, Edmundo"]
[Black "Lisboa Torres, Eduardo"]
[Result "1/2-1/2"]
[WhiteElo "1797"]
[BlackElo "1925"]
[PlyCount "46"]
[EventDate "2016.05.26"]

1. Nf3 d5 2. g3 Nf6 3. Bg2 c6 4. O-O Bf5 5. d3 e6 6. Nbd2 h6 7. c4 Nbd7 8. b3
Be7 9. Bb2 O-O 10. Re1 Qb6 11. e4 Bh7 12. exd5 cxd5 13. Qe2 Rfd8 14. Rad1 Nc5
15. Ne5 Qa6 16. Ra1 Rac8 17. d4 Nce4 18. Nxe4 Bxe4 19. Bxe4 Nxe4 20. Qh5 Rf8
21. Nd7 Rfd8 22. Ne5 Rf8 23. Nd7 Rfd8 1/2-1/2

[Event "Campeonato Brasileiro Amador 2016 U2000"]
[Site "Esporte Clube Pinheiros"]
[Date "2016.05.26"]
[Round "1.25"]
[White "Dias, Joao Batista"]
[Black "Jenidarchiche, Douglas Rodrigo"]
[Result "1-0"]
[WhiteElo "1921"]
[BlackElo "1792"]
[PlyCount "153"]
[EventDate "2016.05.26"]

1. g3 Nf6 2. c4 e5 3. Bg2 Nc6 4. Nc3 Bb4 5. Nf3 O-O 6. O-O Re8 7. d3 h6 8. a3
Bf8 9. b4 d6 10. Qc2 Ne7 11. e4 c6 12. d4 Ng6 13. Re1 Bg4 14. Be3 Qc7 15. h3
Bxf3 16. Bxf3 exd4 17. Bxd4 Ne5 18. Bxe5 dxe5 19. Rad1 Nh7 20. h4 Qe7 21. c5 g5
22. hxg5 Nxg5 23. Bg4 Rad8 24. Kg2 Rxd1 25. Rxd1 Ne6 26. Ne2 Bg7 27. Rd6 Nf8
28. Qd3 a5 29. Bf5 axb4 30. axb4 Bf6 31. Qd2 Kg7 32. Qd1 Rd8 33. Nc3 Rxd6 34.
cxd6 Qd8 35. Na4 Ng6 36. Nc5 b6 37. Nb3 Be7 38. d7 Bxb4 39. Qa1 Bd6 40. Qa6 Bc7
41. Qb7 c5 42. Nd2 Ne7 43. Bh3 Ng8 44. Qc6 Ne7 45. Qa4 Ng8 46. Nc4 Nf6 47. Ne3
Qb8 48. Qc6 Bd8 49. Qc8 Qc7 50. Nf5+ Kh7 51. Nd6 Nxd7 52. Qxd7 Qxd7 53. Bxd7
Kg6 54. Kf3 Kf6 55. Nc4 Bc7 56. Kg4 Ke7 57. Bc6 Kf6 58. Kh5 Kg7 59. f3 Kh7 60.
Ne3 Bd6 61. Be8 f6 62. Bg6+ Kg8 63. Kxh6 b5 64. Be8 b4 65. Kg6 Kf8 66. Ba4 Be7
67. g4 Bd8 68. Bb3 Ke7 69. Nd5+ Kd6 70. Nxf6 c4 71. Bxc4 Kc5 72. Bb3 Kd4 73.
Nd5 Kd3 74. Kf5 Ke2 75. g5 Bxg5 76. Kxg5 Kxf3 77. Kf5 1-0